000 00338nam a22001457a 4500
008 210304b ||||| |||| 00| 0 eng d
020 _a0815192363
041 _aeng
080 _a616-053.2
082 _a616-053.2
100 _a8
101 _aPED
245 _aColor Textbook of Pediatric Dermatology
_cWeston, W.L
942 _2udc
_cBK
999 _c55740
_d55740